| 000 | 00350nam a22001217a 4500 | ||
|---|---|---|---|
| 020 | _a9780143464570 | ||
| 082 | _a327.54 SIK/S | ||
| 100 | _aSikri, Rajiv | ||
| 245 |
_aStrategic conundrums: _breshaping India's foreign policy/ _cby Rajiv Sikri |
||
| 260 |
_a.- Haryana _b: Penguin Random HousePvt Ltd _c, 2024 |
||
| 300 | _a208 pages | ||
| 942 |
_2ddc _cBK |
||
| 999 |
_c750603 _d750603 |
||